000 00586nam a2200181Ia 4500
003 GCL
008 140319s9999 xx 000 0 ara d
040 _aGCL /
_cGCL
082 0 4 _a956.903
_bب ا
100 1 _aبشارة بحبح
245 1 0 _aاسرائيل وامريكا اللاتينية: البعد العسكرى /
_cبشارة بحبح
700 1 _aاسامة البابا
260 _a[S.N] :
_bمؤسسة الدراسات الفلسطينية
490 _a
650 0 4 _aتاريخ حربى
650 0 4 _aامريكا الجنوبية - تاريخ
942 _2ddc
_cBK
999 _c55605
_d55605